Zur hydrochemie des Grund-und Quellwasser : in den nördlichen Rheinlanden /

Guardado en:
Autor Principal: Keller-Haffennegger, Margareta.
Otros Autores: Keller, Reiner, 1921.
Formato: Libro
Idioma:German
Publicado: Landshut : Verland des Amtes für Landeskunde, 1951.
Series:Forschungen zur Deutschen Landeskunde ; bd. 50
Etiquetas: Agregar Etiqueta
Sin Etiquetas, Sea el primero en etiquetar este registro!
LEADER 00667nam a22001695a 4500
001 EEA.libagro000752
005 20150821105622.0
008 130809s1951####gw#a##########000#0#ger#d
041 1 |a ger 
082 0 4 |a 551.49 
100 1 |a Keller-Haffennegger, Margareta. 
245 1 0 |a Zur hydrochemie des Grund-und Quellwasser :  |b in den nördlichen Rheinlanden /  |c Margareta Keller-Haffennegger, Reiner Keller. 
260 |a Landshut :  |b Verland des Amtes für Landeskunde,  |c 1951. 
300 |a 88 p., (1 mapa en sobre) :  |b il. ;  |c 24 cm. 
700 1 |a Keller, Reiner,  |d 1921. 
830 0 |a Forschungen zur Deutschen Landeskunde ;  |v bd. 50 
859 |a AR-BbBCA  |b BIB. AGRONOMIA  |h 551.49  |i K29  |p 1958/0506